Ανόργανη χημεία

Αποθηκεύτηκε σε:
Λεπτομέρειες βιβλιογραφικής εγγραφής
Άλλοι συγγραφείς: Κατάκης, Δημήτριος Φ., 1931-
Μορφή: Βιβλίο
Γλώσσα:Greek
Δημοσίευση: Αθήνα : Παπαζήσης, c2002
Θέματα:
Ετικέτες: Προσθήκη ετικέτας
Δεν υπάρχουν, Καταχωρήστε ετικέτα πρώτοι!

MARC

LEADER 00000nam a2200000 i 4500
001 1/14951
008 110909s2002 gre d
020 |a 960-02-1565-0 
035 |l 10110778 
040 |a GR-MY-UA  |b gre  |e aacr 
041 0 |a gre 
082 0 |a 546  |2 (22) 
245 1 0 |a Ανόργανη χημεία /  |c Κατάκης Δ ...[κ.ά.] 
260 |a Αθήνα :   |b Παπαζήσης,   |c c2002 
300 |a 256 σ.;  |c 24 εκ. 
504 |a Ευρετήριο: σ.349-356 
505 0 |a Τ.1. Τα στοιχεία 
650 0 0 |a Chemistry, Inorganic. 
700 1 |a Κατάκης, Δημήτριος Φ.,   |d 1931- 
852 |a INST  |b LESVOS  |e 20110909  |h 546 ΑΝΟ  |p 005100051670  |q 005100051670  |t BK  |y 0 
852 |a INST  |b LESVOS  |e 20110909  |h 546 ΑΝΟ  |p 005100051671  |q 005100051671  |t BK  |y 0 
852 |a INST  |b LESVOS  |e 20110909  |h 546 ΑΝΟ  |p 005100051672  |q 005100051672  |t BK  |y 0 
901 |a BIBL1-2011-2 
901 |a BIBL1-2011-3 
909 |a Λ  |b 171488 
909 |a Λ  |b 171489 
909 |a Λ  |b 171490 
920 |a ΦΟΙΤΗΤΙΚΗ ΜΕΡΙΜΝΑ  |y ΛΕΣΒΟΣ  |z 2011-09 
922 |a 1ΕΛΗ 
970 |a ΚΑΜΑΤΣΟΥ  |b ΔΕΣΠΟΙΝΑ  |z 2011/09/09